| 000 | 00823nam a22002057a 4500 | ||
|---|---|---|---|
| 999 |
_c18304 _d18304 |
||
| 003 | AR-CdUCM | ||
| 008 | 190503b ||||| |||| 00| 0 spa d | ||
| 040 |
_aMUNICIPALIDAD PROVINCIAL DEL CUSCO _cBIBLIOTECA MUNICIPAL DEL CUSCO |
||
| 082 |
_a332.4 / _bM47 |
||
| 110 |
_aCentro de estudios monetarios latinoamericanos México 1962 _935683 |
||
| 245 | _aAspectos monetarios de las economías latinoamericanas 1960 / | ||
| 260 |
_aMéxico : _bPanamericanas, _c1960. |
||
| 300 |
_a282 páginas ; _c22 cm. |
||
| 505 | _aContenido : Exportaciones mundiales -- Importaciones mundiales -- Exportaciones de áreas exportadoras de productos primarios -- Composicion del comercio mundial por regiones .. | ||
| 650 |
_aMoneda _95487 |
||
| 650 |
_aEconomía _9382 |
||
| 650 |
_aPolítica _9291 |
||
| 942 |
_2ddc _cLIBROS |
||
| 945 | _awfj | ||